000 00682nam a2200169 a 4500
001 000037443
005 20200930080356.0
008 120418s1996 sp a 000 0 spa d
020 _a8400075900
245 1 3 _aUn regulador genético :
_bel fago [lambda] y los organismos superiores /
_cMark Ptashne ; traducido al castellano de la segunda edición en lengua inglesa por Teresa Alonso.
260 _aMadrid :
_bConsejo Superior de Invstigaciones Científicas,
_c1996.
300 _a188 p. ; :
_bil. ;
_c23 cm.
500 _aIncluye índice
700 1 _aAlonso, Teresa,
_etr.
_963894
710 2 _aConsejo Superior de Investigaciones Científicas (Espanya)
_963895
999 _c36933
_d36933
040 _aDO-SdBNP